Statistics for Madrid Open Champions

Click here to take the quiz!

General Stats

  • This quiz has been taken 15 times
  • The average score is 18 of 21

Answer Stats

YearWinner% Correct
2019Novak Djokovic
100%
2011Novak Djokovic
100%
2016Novak Djokovic
100%
2010Rafael Nadal
100%
2005Rafael Nadal
100%
2013Rafael Nadal
100%
2014Rafael Nadal
100%
2017Rafael Nadal
100%
2018Alexander Zverev
92%
2021Alexander Zverev
92%
2012Roger Federer
92%
2006Roger Federer
92%
2009Roger Federer
92%
2008Andy Murray
85%
2015Andy Murray
85%
2022Carlos Alcaraz
85%
2023Carlos Alcaraz
85%
2007David Nalbandian
62%
2003Juan Carlos Ferrero
62%
2004Marat Safin
46%
2002Andre Agassi
31%

Score Distribution

Percentile by Number Answered

Percent of People with Each Score

Your Score History

You have not taken this quiz